Normal view
MARC view
- Pons, Horacio
Entry Nombre Personal
001 - NUMERO DE CONTROL
- campo de control: 47353
003 - IDENTIFICADOR DE NUMERO DE CONTROL
- campo de control: DLC
005 - FECHA Y HORA DE LA ÜLTIMA TRANSACCIÓN
- campo de control: 20230511124309.0
008 - DATOS DE LONGITUD FIJA
- campo de control de longitud fija: 221124n| azannaabn |n aaa
010 ## - NÚMERO DE CONTROL DE LA BIBLIOTECA DEL CONGRESO
- Número de control LC: n 99032624
035 ## - NUMERO DE CONTROL
- Número de control: (OCoLC)oca04975866
040 ## - FUENTE DE CATALOGACIÓN
- Agencia original de catalogación: DLC
- Lenguaje de catalogación: spa
- Description conventions: rda
- Agencia de transcripción: DLC
- Agencia que lo modifica: UPB
- Agencia que lo modifica: TxHU
- Agencia que lo modifica: MX-MxUPN
100 1# - ENCABEZAMIENTO - NOMBRE PERSONAL
- Nombre personal: Pons, Horacio
374 ## - OCUPACIÓN
- Occupation: Traductor
- Fuente del término: lcdgt
375 ## - GÉNERO
- Gender: Masculino
- Fuente del término: lcdgt
377 ## - LENGUA ASOCIADA
- Language code: spa
670 ## - FUENTE EN LA QUE SE LOCALIZARON DATOS
- Cita de la fuente: El león domado, c1998:
- Información localizada: portada (Horacio Pons)
670 ## - FUENTE EN LA QUE SE LOCALIZARON DATOS
- Cita de la fuente: Sexualidad y política, 2016:
- Información localizada: portada (traducción de Horacio Pons)
902 ## - CATALOGADOR
- Catalogador: NDAF/241122
